Coltrane v Day (Record no. 72693)

MARC details
000 -LEADER
fixed length control field 02086cam a2200325 4500
001 - CONTROL NUMBER
control field ABS66726
008 - FIXED-LENGTH DATA ELEMENTS--GENERAL INFORMATION
fixed length control field 030520n2003 000 0 eng u
035 ## - SYSTEM CONTROL NUMBER
System control number (Sirsi) u122325
245 ## - TITLE STATEMENT
Title Coltrane v Day
260 ## - PUBLICATION, DISTRIBUTION, ETC.
Date of publication, distribution, etc. 2003
490 ## - SERIES STATEMENT
Series statement Weekly Law Reports
Volume/sequential designation [2003] 1 WLR 1379-1386(7)
520 ## - SUMMARY, ETC.
Summary, etc. [2003] EWCA Civ 342, 14 March 2003. Appellant assured tenant (C), who habitually paid the rent for his flat by cheque, on reaching 11 weeks in arrears was duly served a valid notice under the Housing Act 1988 s8 by the respondent landlord (D) to commence proceedings to recover possession of the flat, relying upon Sched 2 Part I Ground 8 of the Act, that at least eight weeks' rent was outstanding both at notice date and date of hearing. C subsequently paid the full arrears by cheque with the judge adjourning the possession hearing to allow the cheque to clear. D's appeal against the adjournment was allowed and a possession order made. C appealed. "Held", appeal allowed. Acceptance of a cheque in payment of a debt suspends the right to sue upon the debt while the cheque clears and when cleared the debt would then be paid from the date on which the cheque was delivered. This principle of law applies to Ground 8. The possession order was incorrectly made and was set aside. (See also Ab66727). View judgment at www.courtservice.gov.uk.
590 ## - LOCAL NOTE (RLIN)
Local note ABS
650 ## - SUBJECT ADDED ENTRY--TOPICAL TERM
Topical term or geographic name entry element HOUSING ACT 1988 S8
650 ## - SUBJECT ADDED ENTRY--TOPICAL TERM
Topical term or geographic name entry element HOUSING ACT 1988 SCHED 2 PART I GROUND 8
650 ## - SUBJECT ADDED ENTRY--TOPICAL TERM
Topical term or geographic name entry element POSSESSION
650 ## - SUBJECT ADDED ENTRY--TOPICAL TERM
Topical term or geographic name entry element CONDITIONAL PAYMENT
650 ## - SUBJECT ADDED ENTRY--TOPICAL TERM
Topical term or geographic name entry element PAYMENT BY CHEQUE
650 ## - SUBJECT ADDED ENTRY--TOPICAL TERM
Topical term or geographic name entry element RENT ARREARS
650 ## - SUBJECT ADDED ENTRY--TOPICAL TERM
Topical term or geographic name entry element MARRECO V RICHARDSON
650 ## - SUBJECT ADDED ENTRY--TOPICAL TERM
Topical term or geographic name entry element RENT PAYMENTS
650 ## - SUBJECT ADDED ENTRY--TOPICAL TERM
Topical term or geographic name entry element COLTRANE V DAY
650 ## - SUBJECT ADDED ENTRY--TOPICAL TERM
Topical term or geographic name entry element HOMES V SMITH
650 ## - SUBJECT ADDED ENTRY--TOPICAL TERM
Topical term or geographic name entry element BEEVERS V MASON
650 ## - SUBJECT ADDED ENTRY--TOPICAL TERM
Topical term or geographic name entry element OFFICIAL SOLICITOR V THOMAS
650 ## - SUBJECT ADDED ENTRY--TOPICAL TERM
Topical term or geographic name entry element HEARING DATE
690 ## - LOCAL SUBJECT ADDED ENTRY--TOPICAL TERM (OCLC, RLIN)
Topical term or geographic name as entry element LANDLORD AND TENANT-RESIDENTIAL TENANCIES-CASE LAW
856 ## - ELECTRONIC LOCATION AND ACCESS
Uniform Resource Identifier <a href="https://www.bailii.org/cgi-bin/markup.cgi?doc=/ew/cases/EWCA/Civ/2003/342.html&query=Coltrane+and+v+and+Day&method=boolean">https://www.bailii.org/cgi-bin/markup.cgi?doc=/ew/cases/EWCA/Civ/2003/342.html&query=Coltrane+and+v+and+Day&method=boolean</a>
Public note View the judgment free of charge at www.bailii.org
942 ## - ADDED ENTRY ELEMENTS (KOHA)
Suppress in OPAC 0
Holdings
Withdrawn status Lost status Source of classification or shelving scheme Damaged status Not for loan Home library Current library Shelving location Date acquired Total Checkouts Full call number Barcode Date last seen Copy number Price effective from Koha item type
    Dewey Decimal Classification     London London Journal article 20/05/2003   ABS66726 122325-1001 06/08/2019 1 06/08/2019 Law report